Histoire littéraire du XXe siècle (notice n° 1925154)

détails MARC
000 -LEADER
fixed length control field 01498cam a2200133 4500500
005 - DATE AND TIME OF LATEST TRANSACTION
control field 20260329023147.0
041 ## - LANGUAGE CODE
Language code of text/sound track or separate title fre
042 ## - AUTHENTICATION CODE
Authentication code dc
100 10 - MAIN ENTRY--PERSONAL NAME
Personal name Baty-Delalande, Hélène
Relator term author
245 00 - TITLE STATEMENT
Title Histoire littéraire du XXe siècle
260 ## - PUBLICATION, DISTRIBUTION, ETC.
Name of publisher, distributor, etc. Armand Colin,<br/>
Date of publication, distribution, etc. 2016.<br/>
520 ## - SUMMARY, ETC.
Summary, etc. Le XXe siècle est celui des extrêmes, des ambitions les plus vastes comme des soupçons les plus vifs touchant à la littérature. Le temps des avant-gardes et des subversions est aussi celui d’un devenir public de la littérature: jamais on n’a autant lu, écrit et commenté la littérature que durant ce siècle où les violences de l’Histoire mettent à l’épreuve la définition du sujet, de la langue et de l’écriture. Jamais la littérature, comme forme et comme lieu de la vie des idées, n’a été aussi débattue.En proposer une histoire littéraire, c’est dégager de grands moments comme autant de scènes clefs de la vie littéraire, du surréalisme au Nouveau Roman, des élans lyriques aux récentes fictions critiques, et faire mesurer la puissance d’ébranlement d’œuvres majeures, de Proust à Char, de Claudel à Duras. L’enjeu de ce volume, à la fois synthétique et chronologique, est de saisir l’esprit mouvant d’une époque, son rythme, ses élans et ses ruptures, pour restituer le visage contrasté d’un siècle foisonnant
856 41 - ELECTRONIC LOCATION AND ACCESS
Uniform Resource Identifier <a href="https://shs.cairn.info/histoire-litteraire-du-xxe-siecle--9782200615376?lang=fr&redirect-ssocas=7080">https://shs.cairn.info/histoire-litteraire-du-xxe-siecle--9782200615376?lang=fr&redirect-ssocas=7080</a>

Pas d'exemplaire disponible.

PLUDOC

PLUDOC est la plateforme unique et centralisée de gestion des bibliothèques physiques et numériques de Guinée administré par le CEDUST. Elle est la plus grande base de données de ressources documentaires pour les Étudiants, Enseignants chercheurs et Chercheurs de Guinée.

Adresse

627 919 101/664 919 101

25 boulevard du commerce
Kaloum, Conakry, Guinée

Réseaux sociaux

Powered by Netsen Group @ 2025